01307nam a22003617a 4500003000500000005001700005008004100022010000900063011000900072035000900081040000900090082001500099100002600114245004200140260007600182300003200258500001000290590004100300590004100341590004100382590004100423590004100464590004200505650002500547700002800572700003200600710005400632901000700686942001000693949008200703999001500785952014500800CHAP20220329133356.0971013s1990 r 00010 d a5643 a6615 a5836 cCHAP a631.7bH6300aHoffman, G. J.955789 aManagement of farm irrigation systems aSt. Joseph, Mi :bThe American Society of Agricultural Engineers,c1990 a1040 p.b: ilus. ; gráfs. a59-32 aBATCH-UPDb10c20130109lUCH01h2326 aBATCH-UPDb10c20130110lUCH01h0327 aBATCH-UPDb10c20130110lUCH01h2204 aBATCH-UPDb10c20130410lUCH01h0000 aBATCH-UPDb10c20130914lUCH01h0314 aCONVERSIONb10c20130109lUCH01h130414aIrrigación.9603660 aHowell, Terry A.9565060 aSolomon, Kenneth H.91084840 aAmerican Society of Agricultural Engineers.95291 aBK cLIBRO a631.7 H63bBCcLIBROd33724000166740eLIBROgI.163999h82451i5836sit225.00 c5643d5643 00102ddc4052708GRALaBCbBCcPP_GRALd2019-12-31eI.163999fLIBROl0o631.7 H63p33724000166740r2019-12-31 00:00:00w2019-12-31yLIBRO